Formato MARC21
Registro MARC21
Despus del recreo=001 M000785
=003 BDML
=005 20042026211404
=008 200426||||||||||||||||||||||||||||||||||
=031 ##$a1$b1$c1$gG-2$mPiano$nxF$o2/4$p'8GDGA/4BB/8A''C'BA/4G-/GD/G-/$2pe
=040 ##$aBDML$bspa$cBDML
=092 ##$aBDML$bBDML$cEC$dMs$0M000785
=100 1#$aHidalgo Navarro, Antonio de Jesús$d1873-1953$jCertificada
=245 10$aDespus del recreo$cAntonio de J Hidalgo.$h[música manuscrita]
=300 ##$a1 folio.$c26 x 33 cm
=340 ##$dManuscrito
=348 ##$aPartitura
=382 ##$apiano
=384 0#$aSol mayor
=500 ##$aDatos tomados de portada y encabezado de música.
=500 ##$aEsta obra fue realizada con lápiz de grafito.
=500 ##$aA continuación del pentagrama, existe una descripción de la letra.
=545 0#$aAntonio de Jesús Hidalgo Navarro (1873-1953) fue un eminente compositor, pianista, organista y profesor de música, nacido el 2 de enero de 1873 en la ciudad de Loja. Fue hijo del arquitecto lojano Juan Manuel Hidalgo Pineda y de doña Carmen Navarro del Castillo. Desde su infancia, mostró una pasión innata por el arte musical, que cultivó con estudios profundos en Quito y Lima, permitiéndole absorber influencias de maestros como Mozart y Beethoven, y regresar para fundar la Escuela de Música local y dirigir el Conservatorio$uhttps://dspace.unl.edu.ec/server/api/core/bitstreams/c2d12a33-9e1a-4ef4-8cd5-9360a82b4adb/content
=773 1#$aHidalgo Navarro, Antonio de Jesús (1873-1953)$tDespus del recreo$wM000489
=852 ##$aMuseo de la Música Salvador Zaragocín Tapia$hAnexo 15